[Event "Rubinstein Memorial op-D 57th"]
[Site "Polanica Zdroj"]
[Date "2021.08.21"]
[Round "8"]
[White "Malecki, Mateusz"]
[Black "Kilar, Radoslaw"]
[Result "1-0"]
[WhiteElo "1609"]
[BlackElo "1539"]
[PlyCount "65"]
[EventDate "2021.08.14"]
[EventType "swiss"]
[EventRounds "9"]
[EventCountry "POL"]
[SourceTitle "CBM 204 Extra"]
[Source "ChessBase"]
[SourceDate "2021.11.30"]
[SourceVersion "1"]
[SourceVersionDate "2021.11.30"]
[SourceQuality "1"]

1. d4 Nf6 2. Bf4 g6 3. e3 Bg7 4. Nd2 d6 5. Ngf3 0-0 6. Be2 c5 7. c3 b6 8. 0-0 Bb7 9. h3 Nbd7 10. a4 a5 11. Qb3 cxd4 12. exd4 e5 13. Bh2 Qe7 14. Bb5 e4 15. Rfe1 d5 16. Ne5 Nb8 17. Nf1 Qe6 18. Ne3 Ba6 19. Rac1 Bxb5 20. Qxb5 Rc8 21. c4 dxc4 22. d5 Qe8 23. Qxe8+ Rxe8 24. N5xc4 Nbd7 25. Nd6 Red8 26. Rc7 Bh6 27. Ng4 Bd2 28. Re2 Nxd5 29. Rxd7 Rxd7 30. Rxd2 h5 31. Nh6+ Kg7 32. Rxd5 Kxh6 33. Nf5+ 1-0